A glossary of terms used in Grecian, Roman, Italian, and Gothic architecture
Guardat en:
| Autor principal: | |
|---|---|
| Format: | Llibre |
| Idioma: | anglès |
| Publicat: |
Cambridge University Press
2014
|
| Etiquetes: |
Afegir etiqueta
Sense etiquetes, Sigues el primer a etiquetar aquest registre!
|
MARC
| LEADER | 00000nam a22000007a 4500 | ||
|---|---|---|---|
| 008 | 210825b ||||| |||| 00| 0 eng d | ||
| 020 | |a 9781108073455 | ||
| 100 | |a PARKER, John Henry | ||
| 245 | |a A glossary of terms used in Grecian, Roman, Italian, and Gothic architecture |c John Henry Parker |g vii,104p; ill | ||
| 250 | |b 3rd | ||
| 260 | |b Cambridge University Press |c 2014 |h Cambridge, U.K. |i 696108 |i 696105 |i 696106 |i 696107 |l NA31.P21 |m Architecture- Dictionaries | ||
| 500 | |a Vol 1 | ||
| 942 | |a lcc |c BK |e Johnson |f 25/08/21 | ||
| 952 | |0 0 |1 0 |2 lcc |4 0 |6 NA0031 P21 |7 0 |9 3224 |a EDM |b HOL |c LP |d 2021-08-25 |l 0 |o NA31.P21 |p 2021-66922 |r 2021-08-25 00:00:00 |w 2021-08-25 |y BK | ||
| 952 | |0 0 |1 0 |2 lcc |4 0 |6 NA0031 P21 |7 0 |9 3225 |a EDM |b HOL |c LP |d 2021-08-25 |l 0 |o NA31.P21 |p 2021-66923 |r 2021-08-25 00:00:00 |w 2021-08-25 |y BK | ||
| 952 | |0 0 |1 0 |2 lcc |4 0 |6 NA0031 P21 |7 0 |9 3226 |a RF |b HOL |c LP |d 2021-08-25 |l 0 |o NA31.P21 |p 2021-66924 |r 2021-08-25 00:00:00 |w 2021-08-25 |y BK | ||
| 952 | |0 0 |1 0 |2 lcc |4 0 |6 NA0031 P21 |7 0 |9 3227 |a HOL |b HOL |c LP |d 2021-08-25 |l 0 |o NA31.P21 |p 2021-66925 |r 2021-08-25 00:00:00 |w 2021-08-25 |y BK | ||
| 999 | |c 1618 |d 1618 | ||